IFM Opac

Fundamentals of Financial Management (Record no. 22182)

MARC details
000 -LEADER
fixed length control field 00355nam a22001457a 4500
020 ## - INTERNATIONAL STANDARD BOOK NUMBER
ISBN 978-0-357-51771-0
082 ## - DEWEY DECIMAL CLASSIFICATION NUMBER
Classification number 658.15
100 ## - MAIN ENTRY--AUTHOR NAME
Personal name Brigham, Eugene F.
245 ## - TITLE STATEMENT
Title Fundamentals of Financial Management
250 ## - EDITION STATEMENT
Edition statement 11th
260 ## - PUBLICATION, DISTRIBUTION, ETC. (IMPRINT)
Place of publication Boston:
Name of publisher Cengage,
Year of publication 2022
300 ## - PHYSICAL DESCRIPTION
Number of Pages xxxvi, 661p.: ill.; 29cm
700 ## - ADDED ENTRY--PERSONAL NAME
Personal name Houston, Joel F.
942 ## - ADDED ENTRY ELEMENTS (KOHA)
Koha item type Books
Holdings
Withdrawn status Lost status Damaged status Not for loan Collection code Permanent Location Current Location Shelving location Date acquired Source of acquisition Full call number Accession Number Price effective from Koha item type
        Non-fiction IFM Main Campus Library IFM Main Campus Library Work Room processing 01/20/2026 Purchased 658.15 BRI 0000030429 01/20/2026 Books
        Non-fiction IFM Main Campus Library IFM Main Campus Library Work Room processing 01/20/2026 Purchased 658.15 BRI 0000030431 01/20/2026 Books
        Non-fiction IFM Main Campus Library IFM Main Campus Library Work Room processing 01/20/2026 Purchased 658.15 BRI 0000030430 01/20/2026 Books